000 01143cam a2200313 a 4500
001 1088316
003 SISC
005 20160401144210.0
008 920713s1993 nyu b 001 0 eng
010 _a 92027455
020 _a0195080742
020 _a0195076125 (pbk. : alk. paper)
040 _aDLC
_cDLC
_dDLC
043 _an-mx---
050 0 0 _aJL 1281
_b.C35 1993
082 0 0 _aHS 320.972
_bC15 1993
100 1 _aCamp, Roderic Ai.
_914008
245 1 0 _aPolitics in Mexico /
_cRoderic Ai Camp.
260 _aNew York :
_bOxford University Press,
_cc1993.
300 _a200 p. :
_c22 cm.
500 _aIncludes bibliographical references and index.
651 0 _aMexico
_xPolitics and government.
_914009
856 4 2 _3Publisher description
_uhttp://www.loc.gov/catdir/enhancements/fy0636/92027455-d.html
856 4 1 _3Table of contents only
_uhttp://www.loc.gov/catdir/enhancements/fy0636/92027455-t.html
906 _a7
_bcbc
_corignew
_d1
_eocip
_f19
_gy-gencatlg
942 _2lcc
_cBK
999 _c9533
_d9533